Quizzes
Events
Quiz Creation
Community
Videos
Private Events
Remove Ads
Sign In
Join for FREE
Feedback
Dark Mode
Quiz Categories
Sports
Geography
Music
Movies
Television
Just For Fun
Miscellaneous
History
Literature
Language
Science
Gaming
Entertainment
Religion
Holiday
For Kids
Quiz Lab
Recent
Popular Today
Quiz Kudos Today
Editor Picks
Curator Picks
Quizzes by...
Day
Popularity
Type
Ratings
Length
Year
Community
Subscriptions
Recent Discussions
Orange Saloon
Badges
Playlists
Quests
Create
Leaderboards
Showdown
Live 5
Trivia Bingo
Activity
Puzzle Library
Sporcle Events
Private Events
Virtual Trivia
Globe League
Become a Host
Pub Owners
SporcleCon
Opinionation
Our Games
Videos
Blog
Mobile Apps
Partnerships
Remove Ads and Go Orange
Feedback
Miscellaneous
Crossword
General Knowledge
Baby Names
Logo
Food
Cars
Numbers
Grab Bag
University
College
Popular
Company
Slogans
Restaurants
Justice
Letter
Miscellaneous
Crossword
General Knowledge
Baby Names
Logo
Food
Cars
Numbers
Grab Bag
University
College
Popular
Company
Slogans
Restaurants
Justice
Letter
Random Quiz
Search Sporcle
×
Quiz Lab
Quiz Lab
Miscellaneous
Habit
Type in answers that appear in a list
Type in answers that appear in a list
Classic
Best Score? Go Orange.
5 Seeing Habits and their key phrases (UPS) Stats
Can you name the 5 Seeing Habits and their key phrases (UPS)?
By
kevw731
10m
22 Questions
437 Plays
437 Plays
437 Plays
Comments
Comments
Give Quiz Kudos
Give Quiz Kudos
-
- Ratings
hide this ad
Replay
Link that replays current quiz
Next Quiz
Link to next quiz in quiz playlist
You Got
0%
They Got
Avg Score
38%
Avg Friend Score
Upgrade to see
Score Distribution
Jump to the score distribution portion of the page
Score
0/22
Timer
10:00
0
Plays Today
Hint
Answer
% Correct
1)
AIM HIGH IN STEERING
94.1%
How do we do it?
Imaginary Target like a baseball or dartboard
83.8%
2)
GET THE BIG PICTURE
70%
Key Phrase
Find safe path well ahead
63.4%
What does it do?
Centers vehicle in traffic lane, safe path on turns
62.5%
3)
KEEP YOUR EYES MOVING
55.8%
How do we do it?
How wide and deep, whats in it? Objects and ground
51.7%
Key phrase
Stay back and see it all
50.8%
What does it do?
Keeps you away from billboards, smooth stops and turns, buys time
47.4%
4)
LEAVE YOURSELF AN OUT
38.4%
Key phrase
Scan don't stare
31.6%
Hint
Answer
% Correct
5)
MAKE SURE THEY SEE YOU
31.6%
What does it do?
Keeps you alive at intersections, keeps eyes ahead of car
25.4%
How do we do it?
Move eyes front every 2 seconds rear every 5-8 seconds
23.1%
Key phrase
Be prepared, expect the unexpected
20.8%
Key phrase
Don't Gamble
20.8%
What does it do?
Space on all four sides, but always in front
18.5%
What does it do?
Establishes eye to eye contact
17.2%
How do we do it?
Have an escape route, choose path of least resistance
16%
How do we do it?
Communicate in traffic horn lights and signals
14.9%
6.4%
5.6%
Quiz Playlist
Details
Report
Send in Message
Add To Playlist
Classic:
Type in answers that appear in a list
Last Updated: May 10, 2017
Quiz Scoreboard
CHALLENGE
Sign Up to Join the Scoreboard
Show All
Scores
Hide
Comments
May contain spoilers
Recently Published
Presidents Visiting Landmarks
by Hejman
History
7m
An Introduction to Baseball
by treessimontrees
Sports
5m
Movies - When Are They Set?
by FPL_Elf
Movies
5m
More to Explore
Quiz From the Vault
Featured Blog Post
Where Did the Easter Bunny Come From?
hide this ad
You Might Also Like...
Tags
Habit
Seeing
Today's Top Quizzes in Miscellaneous
Browse Miscellaneous
hide this ad
Today's Top Quizzes in Habit
Browse Habit
Top Contributed Quizzes in Miscellaneous
1
5-to-1: Fast Food
2
The JOE quick-fire general knowledge quiz: Day 174
3
The JOE quick-fire general knowledge quiz: Day 173
4
The JOE quick-fire general knowledge quiz: Day 172
5
5-to-1: Cocktails
6
One Thing in Common: United Kingdom II
7
Sunday Crossword: Famous Bodies of Water
8
The JOE quick-fire general knowledge quiz: Day 171
9
Named After an Animal - Odd One Out!
10
The JOE quick-fire quiz: Day 170
Explore More
Trending Topics
Harry Potter
Crossword
NBA
Kpop
Anime
Marvel
Disney
Soccer
Puzzle
The Office
Song
NFL
Country
Pokémon
WWE
hide this ad
More By:
kevw731
Quiz
Plays
Rating
Category
Featured
Created
5 Seeing Habits and their key phrases (UPS)
437
Miscellaneous
May 9, 2017
UPS 10 Point Commentary
19
Miscellaneous
May 9, 2017
5 Keys to Slips and Falls (UPS)
11
Miscellaneous
May 9, 2017
UPS DOK
11
Miscellaneous
May 11, 2017
6 Rules of Backing (UPS)
7
Miscellaneous
May 9, 2017
Go to Creator's Profile
Score Distribution
Quiz Creator Spotlight
kevw731
Follow
Send a Message
Quizzes Created
-
Created Quiz Play Count
-
More By This Creator
Popular Quizzes Today
1
Find the Countries of Europe - No Outlines Minefield
2
Find the US States - No Outlines Minefield
3
The Countries of the World
4
Popular People in 1961
5
Find the US States
6
US States
7
Risky Map Clicking: Biggest States A-Z
8
1-10 Letter E Words III
More Miscellaneous Quizzes
Crossword: 3 Word Clues (7)
Quiz Lab
Trending Quizzes
Risky Map Clicking: Least Populous States A-Z
1-10 Letter F Words
1-10 Letter G Words
One Thing in Common: United Kingdom
Risky Map Clicking: Next State Alphabetically
Recently Updated
Leaping Animals
pecheneg
Reality TV Shows (A-Z)
bhenderson79
Rickey Henderson's Hall of Fame Teammates
pecheneg
Champions League XIs: Arsenal
pecheneg
Quick Pick: Celebrities in WWE's Hall of Fame
aduchscher
A-Z Keypad Blitz II
pecheneg
Multiple Oscar Actors
pecheneg
Mystery Phrase Blitz: Oscar 'Best Actors'
pecheneg
F. Scott Fitzgerald Novels
LTH
Pick 3 Villains
ddd62291
Trending Topics
Marvel
Kpop
Harry Potter
NBA
Crossword
Disney
Anime
Country
Pokémon
WWE
Puzzle
NFL
Song
Soccer
The Office
Your Account Isn't Verified!
In order to create a playlist on Sporcle, you need to verify the email address you used during registration. Go to your
Sporcle Settings
to finish the process.
Report this User
Report this user for behavior that violates our
Community Guidelines
.
Details:
Send Report
Go to the Sporcle.com Mobile Site →
Comments